Métodos de econometría (Registro nro. 3135)

Detalles MARC
000 -LEADER
fixed length control field 01164 a2200229 4500
001 - CONTROL NUMBER
control field 39902
005 - DATE AND TIME OF LATEST TRANSACTION
control field 20260407155655.0
008 - FIXED-LENGTH DATA ELEMENTS--GENERAL INFORMATION
fixed length control field 260407a1975 arg spa d
003 - CONTROL NUMBER IDENTIFIER
control field AR-UNSa-BCEJYS
040 ## - CATALOGING SOURCE
Original cataloging agency AR-UNSa-BCEJYS
Language of cataloging spa
Transcribing agency AR-UNSa-BCEJYS
080 ## - UNIVERSAL DECIMAL CLASSIFICATION NUMBER
Universal Decimal Classification number 330.43
Common auxiliary subdivision Econometría
020 ## - INTERNATIONAL STANDARD BOOK NUMBER
International Standard Book Number 84-316-1399-8
100 1# - MAIN ENTRY--PERSONAL NAME
Personal name Otero Moreno, Jose María
245 10 - TITLE STATEMENT
Title Métodos de econometría
250 ## - EDITION STATEMENT
Edition statement 3a. ed
264 #1 - PRODUCTION, PUBLICATION, DISTRIBUTION, MANUFACTURE, AND COPYRIGHT NOTICE
Place of production, publication, distribution, manufacture Barcelona :
Name of producer, publisher, distributor, manufacturer Vicens-Vives
Date of production, publication, distribution, manufacture, or copyright notice 1975
300 ## - PHYSICAL DESCRIPTION
Extent 464 p.
Dimensions 22 cm.
505 ## - FORMATTED CONTENTS NOTE
Formatted contents note 1. La naturaleza de la econometría - 2. Modelo lineal de dos variables - 3. Ampliaciones del modelo lineal de dos variables - 4. Elementos de álgebra matricial - 5. El modelo lineal general - 6. Ampliaciones del modelo lineal general - 7. Mínimos cuadros generalizados - 8. Autocorrección - 9. Regresores estocásticos, variables instrumentales y errores en las variables - 10. Variables retardadas - 11. Otros métodos multivariantes - 12. Métodos de ecuaciones simultáneas : identificación - 13. Métodos de ecuaciones simultáneas: Estimación - Apéndice
590 ## - LOCAL NOTE (RLIN)
Local note niveau_biblio:m niveau_hierar:0
700 1# - ADDED ENTRY--PERSONAL NAME
Personal name Johnston, Jack
942 ## - ADDED ENTRY ELEMENTS (KOHA)
Koha item type
Existencias
Withdrawn status Lost status Damaged status Not for loan Home library Current library Shelving location Date acquired Total checkouts Full call number Barcode Date last seen Price effective from Koha item type
        Biblioteca Prof. Eusebio Cleto del Rey Biblioteca Prof. Eusebio Cleto del Rey   07/04/2026   330.43 J65 3ed. L13262 07/04/2026 07/04/2026 Libro
        Biblioteca Prof. Eusebio Cleto del Rey Biblioteca Prof. Eusebio Cleto del Rey   07/04/2026   330.43 J65 3ed. L13261 07/04/2026 07/04/2026 Libro